[Event "Grenzturnering 2223 12th"]
[Site "Denmark/Germany"]
[Date "2022.09.30"]
[Round "7"]
[White "Andersen, Helge"]
[Black "Falsig, Niels"]
[Result "1-0"]
[WhiteElo "2018"]
[BlackElo "1750"]
[PlyCount "55"]
[EventDate "2022.09.30"]
[EventType "swiss"]
[EventRounds "9"]
[EventCountry "DEN"]
[SourceTitle "EXT 2025"]
[Source "ChessBase"]
[SourceDate "2024.10.14"]
[SourceVersion "1"]
[SourceVersionDate "2024.10.14"]
[SourceQuality "1"]

1. d4 d5 2. c4 dxc4 3. Nf3 Nf6 4. Nc3 e6 5. e4 a6 6. Bxc4 b5 7. Bd3 Bb7 8. Qe2 Nbd7 9. Bg5 Be7 10. 0-0 0-0 11. Rfd1 c5 12. dxc5 b4 13. Na4 Qc7 14. Rac1 Qc6 15. Nb6 Nxb6 16. cxb6 Qxb6 17. e5 Nd5 18. Bxe7 Nxe7 19. Bxh7+ Kxh7 20. Ng5+ Kh6 21. Rd3 g6 22. Qg4 Kg7 23. Rd7 Nf5 24. Rcc7 Rac8 25. Qh3 Rh8 26. Rxf7+ Kg8 27. Rxc8+ Bxc8 28. Rh7 1-0

[Event "Grenzturnering 2223 12th"]
[Site "Denmark/Germany"]
[Date "2022.09.30"]
[Round "8"]
[White "Heinemann, Guido"]
[Black "Andersen, Helge"]
[Result "1/2-1/2"]
[WhiteElo "1893"]
[BlackElo "2018"]
[PlyCount "45"]
[EventDate "2022.09.30"]
[EventType "swiss"]
[EventRounds "9"]
[EventCountry "DEN"]
[SourceTitle "EXT 2025"]
[Source "ChessBase"]
[SourceDate "2024.10.14"]
[SourceVersion "1"]
[SourceVersionDate "2024.10.14"]
[SourceQuality "1"]

1. e4 c5 2. d3 Nc6 3. g3 g6 4. Bg2 Bg7 5. Nc3 d6 6. Nge2 Nf6 7. 0-0 a6 8. Be3 0-0 9. h3 Bd7 10. d4 cxd4 11. Nxd4 Qc8 12. Kh2 Ne5 13. Bg5 h6 14. Bxf6 Bxf6 15. Nd5 Kg7 16. Nb6 Qc5 17. Nxa8 Rxa8 18. c3 h5 19. Nf3 Ng4+ 20. Kg1 Ne5 21. Nxe5 Bxe5 22. Kh1 Bb5 23. f4 1/2-1/2

[Event "Grenzturnering 2122 11th"]
[Site "Denmark/Germany"]
[Date "2021.10.01"]
[Round "7"]
[White "Kroeger, Dieter"]
[Black "Andersen, Helge"]
[Result "0-1"]
[WhiteElo "1825"]
[BlackElo "1949"]
[PlyCount "62"]
[EventDate "2021.10.01"]
[EventType "swiss"]
[EventRounds "9"]
[EventCountry "DEN"]
[SourceTitle "EXT 2025"]
[Source "ChessBase"]
[SourceDate "2024.10.14"]
[SourceVersion "1"]
[SourceVersionDate "2024.10.14"]
[SourceQuality "1"]

1. e3 e5 2. d4 exd4 3. exd4 d5 4. Bd3 Nf6 5. Ne2 c5 6. c3 Nc6 7. 0-0 cxd4 8. Nxd4 Nxd4 9. cxd4 Bd6 10. Re1+ Be6 11. Bf5 0-0 12. Bxe6 fxe6 13. Bg5 Qc7 14. g3 Ne4 15. Be3 Rf5 16. Nd2 Bb4 17. Re2 Bxd2 18. Bxd2 Qf7 19. Be3 Rf8 20. Qc2 Rf3 21. Rc1 Qf5 22. Kg2 h5 23. Bf4 Rxf4 24. gxf4 Qxf4 25. Rg1 Rf7 26. Qc8+ Kh7 27. Qxe6 Qf3+ 28. Kf1 g5 29. Ke1 Rc7 30. Rxe4 dxe4 31. Rf1 Rc1+ 0-1

[Event "Denmark Border op"]
[Site "Denmark"]
[Date "2020.10.09"]
[Round "2"]
[White "Andersen, Helge"]
[Black "Kroeger, Dieter"]
[Result "1-0"]
[WhiteElo "1944"]
[BlackElo "1826"]
[PlyCount "83"]
[EventDate "2020.10.08"]
[EventType "swiss"]
[EventRounds "7"]
[EventCountry "DEN"]
[SourceTitle "EXT 2024"]
[Source "ChessBase"]
[SourceDate "2023.10.10"]
[SourceVersion "1"]
[SourceVersionDate "2023.10.10"]
[SourceQuality "1"]

1. d4 e6 2. c4 f5 3. Nc3 Nf6 4. Nf3 b6 5. g3 Bb7 6. Bg2 Bb4 7. Bd2 0-0 8. 0-0 d6 9. a3 Bxc3 10. Bxc3 Nbd7 11. b4 Ne4 12. Bb2 a5 13. Nd2 Nxd2 14. Qxd2 Bxg2 15. Kxg2 Qe7 16. Rad1 axb4 17. axb4 Ra2 18. Ra1 Rfa8 19. Rxa2 Rxa2 20. Qc3 Qf8 21. f3 Qe8 22. c5 Nf6 23. Qb3 Ra8 24. Rc1 d5 25. Re1 b5 26. Bc1 Ra1 27. Kf2 Qa8 28. Qe3 Kf7 29. Qf4 Qc6 30. g4 fxg4 31. e4 g5 32. Qxg5 gxf3 33. e5 Ne4+ 34. Rxe4 dxe4 35. Qf6+ Ke8 36. Bg5 e3+ 37. Kxe3 Re1+ 38. Kd2 Re2+ 39. Kd1 Re1+ 40. Kd2 Re2+ 41. Kc3 Rc2+ 42. Kd3 1-0

[Event "Vojens Sonderjysk EMT Master"]
[Site "Vojens"]
[Date "2015.05.04"]
[Round "2"]
[White "Bjornskov, Kai"]
[Black "Andersen, Helge"]
[Result "1/2-1/2"]
[WhiteElo "2080"]
[BlackElo "1981"]
[PlyCount "62"]
[EventDate "2015.04.27"]
[EventType "swiss"]
[EventRounds "7"]
[EventCountry "DEN"]
[SourceTitle "EXT 2023"]
[Source "ChessBase"]
[SourceDate "2022.10.05"]
[SourceVersion "1"]
[SourceVersionDate "2022.10.05"]
[SourceQuality "1"]

1. c4 c5 2. Nf3 Nc6 3. Nc3 Nf6 4. g3 g6 5. Bg2 Bg7 6. 0-0 0-0 7. d4 cxd4 8. Nxd4 a6 9. h3 Qc7 10. Nb3 d6 11. Bg5 Be6 12. Nd5 Bxd5 13. cxd5 Ne5 14. Rc1 Qd8 15. Qd2 Rc8 16. Qb4 b5 17. Na5 Qb6 18. Be3 Qb8 19. b3 Rxc1 20. Rxc1 Rc8 21. Nc6 Nxc6 22. dxc6 Ne8 23. Qe4 e6 24. a4 d5 25. Qc2 Qd6 26. Bb6 b4 27. e4 Bc3 28. exd5 exd5 29. a5 Qxc6 30. Qd3 Nf6 31. Rd1 Qb7 1/2-1/2

[Event "Tonder Byturnering A"]
[Site "Tonder"]
[Date "2015.??.??"]
[Round "4"]
[White "Lassen, Jorn"]
[Black "Andersen, Helge"]
[Result "1-0"]
[WhiteElo "1744"]
[BlackElo "1965"]
[PlyCount "85"]
[EventDate "2015.??.??"]
[EventType "swiss"]
[EventRounds "4"]
[EventCountry "DEN"]
[SourceTitle "EXT 2024"]
[Source "ChessBase"]
[SourceDate "2023.10.10"]
[SourceVersion "1"]
[SourceVersionDate "2023.10.10"]
[SourceQuality "1"]

1. c4 Nf6 2. Nc3 g6 3. d4 d5 4. Nf3 Bg7 5. cxd5 Nxd5 6. e4 Nxc3 7. bxc3 c5 8. Be3 Qa5 9. Qd2 Nc6 10. Rc1 cxd4 11. cxd4 Qxd2+ 12. Kxd2 Bg4 13. Bb5 Bxf3 14. gxf3 0-0 15. Bxc6 bxc6 16. Rxc6 Rfd8 17. Kd3 e6 18. Rhc1 Bf8 19. Bf4 Bg7 20. Be3 Bf8 21. R1c4 Kg7 22. Bf4 a5 23. Be5+ Kg8 24. Bc7 Rd7 25. Be5 h5 26. Rc7 Rxc7 27. Bxc7 Bb4 28. d5 exd5 29. exd5 Kf8 30. Re4 Re8 31. Kd4 Rxe4+ 32. fxe4 Ke7 33. Kc4 Kd7 34. Be5 f5 35. exf5 gxf5 36. Bc3 Bd6 37. h3 Bc7 38. Bd4 Kd6 39. a4 f4 40. f3 Bd8 41. Bg7 Bh4 42. Kd4 Be1 43. Be5+ 1-0

[Event "Grenzturnering 1314"]
[Site "Denmark"]
[Date "2014.04.29"]
[Round "7"]
[White "Andersen, Helge"]
[Black "Homuth, Kim"]
[Result "0-1"]
[WhiteElo "1980"]
[BlackElo "2050"]
[PlyCount "86"]
[EventDate "2013.09.24"]
[EventType "swiss"]
[EventRounds "7"]
[EventCountry "DEN"]
[SourceTitle "EXT 2023"]
[Source "ChessBase"]
[SourceDate "2022.10.05"]
[SourceVersion "1"]
[SourceVersionDate "2022.10.05"]
[SourceQuality "1"]

1. d4 Nf6 2. Nf3 e6 3. Bg5 c5 4. e4 Qb6 5. Bxf6 Qxb2 6. d5 gxf6 7. Nbd2 b6 8. Bc4 Ba6 9. dxe6 fxe6 10. 0-0 Qc3 11. Bxa6 Nxa6 12. e5 f5 13. Qe2 Nc7 14. Rad1 Rg8 15. Nc4 Nd5 16. Nd6+ Kd8 17. Nxf5 Rxg2+ 18. Kh1 Rg8 19. Rd3 Qc4 20. Rfd1 Qg4 21. Ng3 Bh6 22. Rg1 Nf4 23. Qe4 Nxd3 24. Qxa8+ Ke7 25. Nf5+ exf5 26. Rxg4 Nxf2+ 27. Kg2 Rxa8 28. Rh4 Be3 29. Rxh7+ Ke6 30. Kf1 Ne4 31. Ke2 Bf4 32. h4 Bxe5 33. Nxe5 Kxe5 34. Rxd7 Kf4 35. Rf7 Nc3+ 36. Kd3 Nxa2 37. h5 Rd8+ 38. Kc4 Rd2 39. h6 Rxc2+ 40. Kb5 Nc3+ 41. Ka6 Ra2+ 42. Kb7 Ne4 43. Rg7 Rh2 0-1

[Event "Grenzturnering 1314"]
[Site "Denmark"]
[Date "2014.02.25"]
[Round "5"]
[White "Millgramm, Stephan"]
[Black "Andersen, Helge"]
[Result "1-0"]
[WhiteElo "1853"]
[BlackElo "1980"]
[PlyCount "79"]
[EventDate "2013.09.24"]
[EventType "swiss"]
[EventRounds "7"]
[EventCountry "DEN"]
[SourceTitle "EXT 2023"]
[Source "ChessBase"]
[SourceDate "2022.10.05"]
[SourceVersion "1"]
[SourceVersionDate "2022.10.05"]
[SourceQuality "1"]

1. f4 d5 2. Nf3 c5 3. e3 Nc6 4. d4 cxd4 5. exd4 g6 6. c3 Bg4 7. Bd3 e6 8. 0-0 Qc7 9. b4 Bh6 10. g3 Bg7 11. a4 Nxb4 12. cxb4 Bxf3 13. Bb5+ Kf8 14. Rxf3 a6 15. Be2 Qb6 16. Bb2 Ne7 17. a5 Qxb4 18. Rb3 Qd6 19. Rxb7 Bf6 20. Qa4 Kg7 21. Rb6 Qc7 22. Nd2 h5 23. Rc1 Qd8 24. Nf3 Rb8 25. Qb3 Nf5 26. Bxa6 Nd6 27. Ne5 Ra8 28. Ba3 Nc4 29. Bxc4 dxc4 30. Rxc4 Bxe5 31. dxe5 Rxa5 32. Bd6 Ra1+ 33. Kf2 h4 34. g4 h3 35. g5 Qa8 36. Rb7 Ra2+ 37. Ke3 Qa6 38. Rxf7+ Kxf7 39. Rc7+ Ke8 40. Qb8+ 1-0

[Event "Grenzturnering 1314"]
[Site "Denmark"]
[Date "2013.11.25"]
[Round "3"]
[White "Andersen, Helge"]
[Black "Heinemann, Guido"]
[Result "1/2-1/2"]
[WhiteElo "1980"]
[BlackElo "1848"]
[PlyCount "39"]
[EventDate "2013.09.24"]
[EventType "swiss"]
[EventRounds "7"]
[EventCountry "DEN"]
[SourceTitle "EXT 2023"]
[Source "ChessBase"]
[SourceDate "2022.10.05"]
[SourceVersion "1"]
[SourceVersionDate "2022.10.05"]
[SourceQuality "1"]

1. d4 e6 2. Nf3 b6 3. e4 Bb7 4. Bd3 Nf6 5. Bg5 Be7 6. Nbd2 h6 7. Bxf6 Bxf6 8. c3 d6 9. Qe2 Nd7 10. Rd1 0-0 11. e5 dxe5 12. dxe5 Be7 13. Nb3 Qc8 14. 0-0 Bxf3 15. gxf3 c5 16. Bb1 Rd8 17. Rfe1 Qc7 18. Nd2 Nf8 19. f4 Rd7 20. Ne4 1/2-1/2

[Event "Sonderjysk-chA"]
[Site "Haderslev"]
[Date "2013.05.13"]
[Round "3"]
[White "Brautsch, Soren"]
[Black "Andersen, Helge"]
[Result "1/2-1/2"]
[WhiteElo "2235"]
[BlackElo "1998"]
[PlyCount "79"]
[EventDate "2013.04.29"]
[EventType "tourn"]
[EventRounds "7"]
[EventCountry "DEN"]
[SourceTitle "EXT 2018"]
[Source "ChessBase"]
[SourceDate "2017.10.13"]
[SourceVersion "1"]
[SourceVersionDate "2017.10.13"]
[SourceQuality "1"]

1. d4 Nf6 2. Nf3 g6 3. Nc3 d5 4. Bf4 c6 5. e3 Bg7 6. Be2 0-0 7. Ne5 Qb6 8. a3 Nbd7 9. b4 Nxe5 10. Bxe5 Ne4 11. Na4 Qd8 12. Bxg7 Kxg7 13. f3 Nd6 14. 0-0 a5 15. c3 Qc7 16. Qb3 b5 17. Nc5 Nb7 18. Nxb7 Bxb7 19. a4 bxa4 20. Rxa4 axb4 21. Rxb4 Ba6 22. Bxa6 Rxa6 23. Rb7 Qd6 24. Qb4 Qxb4 25. cxb4 Kf6 26. Rc1 Ke6 27. Kf2 Rfa8 28. b5 cxb5 29. Rcc7 Re8 30. e4 dxe4 31. fxe4 f6 32. Rxb5 h5 33. h4 Ra2+ 34. Kf3 Rea8 35. d5+ Kf7 36. Rb3 R8a3 37. Rxa3 Rxa3+ 38. Kf4 Rd3 39. Ra7 Kf8 40. Rb7 1/2-1/2

[Event "Sonderjysk EMT A"]
[Site "Sonderborg"]
[Date "2012.03.20"]
[Round "7"]
[White "Nording, Jens"]
[Black "Andersen, Helge"]
[Result "1/2-1/2"]
[WhiteElo "1991"]
[BlackElo "2032"]
[PlyCount "135"]
[EventDate "2012.01.17"]
[EventType "tourn"]
[EventRounds "7"]
[EventCountry "DEN"]
[SourceTitle "EXT 2023"]
[Source "ChessBase"]
[SourceDate "2022.10.05"]
[SourceVersion "1"]
[SourceVersionDate "2022.10.05"]
[SourceQuality "1"]

1. d4 Nf6 2. Bg5 e6 3. e4 Be7 4. Bd3 c5 5. dxc5 Qa5+ 6. Qd2 Qxc5 7. Be3 Qc6 8. Qc3 0-0 9. Qxc6 Nxc6 10. c3 a6 11. f3 b5 12. Ne2 d5 13. Nd2 b4 14. cxb4 Ne5 15. Bc2 Bxb4 16. 0-0 Rd8 17. Rfd1 Bb7 18. Bd4 Bxd2 19. Bxe5 Be3+ 20. Kf1 dxe4 21. Rxd8+ Rxd8 22. Bxf6 gxf6 23. Bxe4 Bxe4 24. fxe4 Rd2 25. Rb1 Rc2 26. g4 Rc4 27. Ng3 Bf4 28. Re1 Bxg3 29. hxg3 Kg7 30. Kf2 Kg6 31. b3 Rc2+ 32. Re2 Rc1 33. Kf3 Kg5 34. e5 Rc3+ 35. Re3 Rc2 36. a4 fxe5 37. Rxe5+ Kf6 38. Re3 Ke7 39. Rd3 e5 40. Ke3 Ke6 41. Kf3 h6 42. Ke3 a5 43. Kf3 f6 44. Re3 Rd2 45. Rc3 Kd5 46. Ke3 Rd4 47. Kf3 Rb4 48. Rd3+ Kc5 49. Rc3+ Kd4 50. Re3 Rb7 51. Re4+ Kc3 52. Re3+ Kc2 53. Ke4 Rxb3 54. Re2+ Kc3 55. Rh2 Kb4 56. Rxh6 Rxg3 57. Rxf6 Rxg4+ 58. Ke3 Kxa4 59. Re6 e4 60. Kd2 Ka3 61. Kc2 a4 62. Kb1 Rg1+ 63. Kc2 Re1 64. Kd2 Rh1 65. Rxe4 Kb3 66. Re8 a3 67. Rb8+ Ka2 68. Kc2 1/2-1/2

[Event "Sonderjysk EMT A"]
[Site "Sonderborg"]
[Date "2012.01.31"]
[Round "2"]
[White "Andersen, Helge"]
[Black "Clausen, Hans Jorgen"]
[Result "1-0"]
[WhiteElo "2032"]
[BlackElo "1661"]
[PlyCount "107"]
[EventDate "2012.01.17"]
[EventType "tourn"]
[EventRounds "7"]
[EventCountry "DEN"]
[SourceTitle "EXT 2023"]
[Source "ChessBase"]
[SourceDate "2022.10.05"]
[SourceVersion "1"]
[SourceVersionDate "2022.10.05"]
[SourceQuality "1"]

1. d4 d5 2. Nf3 Nf6 3. Bg5 e6 4. Nbd2 Be7 5. e3 Nbd7 6. Bd3 b6 7. Qe2 c5 8. c3 c4 9. Bc2 Bb7 10. Bxf6 Nxf6 11. Ba4+ Nd7 12. Ne5 Bc8 13. Qf3 Bf6 14. Ndxc4 0-0 15. Bxd7 Bxd7 16. Nxd7 Qxd7 17. Nd2 Qb5 18. Nb3 a5 19. Qe2 Qc6 20. 0-0 Be7 21. Rfc1 a4 22. Nd2 b5 23. e4 Bg5 24. e5 Bxd2 25. Qxd2 f6 26. exf6 Rxf6 27. Re1 Raf8 28. f3 Qc4 29. Re3 Rh6 30. h3 Qc7 31. Rae1 Re8 32. Re5 Qc6 33. f4 Rf6 34. Qe3 g6 35. g4 Kf7 36. a3 Qd7 37. Kg2 Re7 38. h4 h6 39. g5 hxg5 40. fxg5 Rf5 41. Rxf5+ exf5 42. Qxe7+ Qxe7 43. Rxe7+ Kxe7 44. Kf3 Kd6 45. Kg3 Ke6 46. Kf4 Kd6 47. h5 gxh5 48. Kxf5 Ke7 49. g6 h4 50. Kg4 Kf6 51. Kxh4 Kxg6 52. Kg4 Kf6 53. Kf4 Ke6 54. Kg5 1-0

[Event "Logumkloster-ch Basis 1"]
[Site "Logumkloster"]
[Date "2008.04.22"]
[Round "2"]
[White "Jensen, Godtfred Sloth"]
[Black "Andersen, Helge"]
[Result "0-1"]
[WhiteElo "1886"]
[BlackElo "2029"]
[PlyCount "98"]
[EventDate "2008.04.15"]
[EventType "tourn"]
[EventRounds "5"]
[EventCountry "DEN"]
[SourceTitle "EXT 2023"]
[Source "ChessBase"]
[SourceDate "2022.10.05"]
[SourceVersion "1"]
[SourceVersionDate "2022.10.05"]
[SourceQuality "1"]

1. d4 Nf6 2. c4 g6 3. Nc3 d5 4. Nf3 Bg7 5. e3 0-0 6. b3 c5 7. Be2 Nc6 8. 0-0 cxd4 9. exd4 Bg4 10. Be3 Qa5 11. Rc1 Rad8 12. Qc2 dxc4 13. bxc4 Bxf3 14. Bxf3 Nxd4 15. Bxd4 Rxd4 16. Nd5 Nxd5 17. Bxd5 b6 18. Rcd1 e6 19. Rxd4 Bxd4 20. Bf3 Qc5 21. Qa4 a5 22. Qb3 Rc8 23. Be2 f5 24. a4 Kg7 25. Qf3 e5 26. h4 e4 27. Qg3 Be5 28. Qe3 Qxe3 29. fxe3 Rd8 30. Rb1 Rd2 31. Kf1 Ra2 32. g4 fxg4 33. Bxg4 Rxa4 34. Be6 Ra1 35. Rxa1 Bxa1 36. Bd5 Bf6 37. h5 gxh5 38. Bxe4 h6 39. Bc6 Bg5 40. Kf2 Kf6 41. Kf3 Ke5 42. Be8 Kd6 43. Bxh5 Kc5 44. Kf2 a4 45. Bg6 Kxc4 46. Bf7+ Kc3 47. Ke2 a3 48. e4 b5 49. e5 b4 0-1

[Event "Logumkloster-ch Basis 1"]
[Site "Logumkloster"]
[Date "2008.04.15"]
[Round "1"]
[White "Andersen, Helge"]
[Black "Hansen, Hans Valdemar"]
[Result "1-0"]
[WhiteElo "2029"]
[BlackElo "1828"]
[PlyCount "79"]
[EventDate "2008.04.15"]
[EventType "tourn"]
[EventRounds "5"]
[EventCountry "DEN"]
[SourceTitle "EXT 2023"]
[Source "ChessBase"]
[SourceDate "2022.10.05"]
[SourceVersion "1"]
[SourceVersionDate "2022.10.05"]
[SourceQuality "1"]

1. d4 g6 2. c4 Bg7 3. e4 c5 4. d5 d6 5. Nc3 f5 6. Bd3 fxe4 7. Nxe4 Nf6 8. Qc2 e6 9. Bg5 exd5 10. Nxf6+ Bxf6 11. Bxg6+ Ke7 12. Bxf6+ Kxf6 13. Bd3 d4 14. 0-0-0 Kg7 15. Nf3 Nc6 16. a3 Bg4 17. Rde1 Qf6 18. Be4 Rac8 19. Nd2 a6 20. f4 b5 21. h3 Be6 22. Bxc6 Rxc6 23. Qe4 d5 24. cxd5 Bf5 25. Qe7+ Qxe7 26. Rxe7+ Kf6 27. Rhe1 Rd6 28. g4 Bd3 29. R1e5 h5 30. g5+ Kg6 31. Nf3 h4 32. R7e6+ Rxe6 33. dxe6 Bf5 34. e7 Bd7 35. Rd5 Be8 36. f5+ Kf7 37. f6 Bc6 38. Rd8 Be8 39. Ne5+ Ke6 40. f7 1-0